| 000 | 00438nam a2200181Ia 4500 | ||
|---|---|---|---|
| 001 | 11344 | ||
| 005 | 20260306162821.0 | ||
| 008 | 260306t2010||||xx |||||||||||||| ||spa|| | ||
| 041 | _aESP | ||
| 082 |
_a985.033 _bG23 V. 1 |
||
| 100 |
_aGarcía Ayluardo, Clara (coord.) _eAUT |
||
| 245 | 0 | _aLas reformas borbónicas, 1750-1808 | |
| 260 | _c2010 | ||
| 300 |
_a _c21 cm. |
||
| 650 | _aGEN | ||
| 654 | _aCHU | ||
| 942 |
_cLIB _dJUS _fJUS _2ddc _n |
||
| 999 |
_c11344 _d11344 |
||